Adam Bede / (Record no. 23601)

000 -LEADER
fixed length control field 00224nam a22000857a 4500
003 - CONTROL NUMBER IDENTIFIER
control field Nust
005 - DATE AND TIME OF LATEST TRANSACTION
control field 20170510171241.0
008 - FIXED-LENGTH DATA ELEMENTS--GENERAL INFORMATION
fixed length control field 131219b xxu||||| |||| 00| 0 eng d
020 ## - INTERNATIONAL STANDARD BOOK NUMBER
Terms of availability Available
International Standard Book Number 95040507
040 ## - CATALOGING SOURCE
Original cataloging agency DLC
Language of cataloging DLC
Transcribing agency RCMS
082 ## - DEWEY DECIMAL CLASSIFICATION NUMBER
Classification number 823.8 ELI
100 ## - MAIN ENTRY--PERSONAL NAME
Personal name Eliot, George,
9 (RLIN) 349
245 ## - TITLE STATEMENT
Title Adam Bede /
Statement of responsibility, etc. George Eliot ; edited with an introduction by Valentine Cunningham.
260 ## - PUBLICATION, DISTRIBUTION, ETC.
Place of publication, distribution, etc. Oxford ;
Name of publisher, distributor, etc. Oxford University Press,
Date of publication, distribution, etc. c1997
300 ## - PHYSICAL DESCRIPTION
Extent xlviii, 485 p. ;
Other physical details ill:
Dimensions 19 ,cm.
440 ## - SERIES STATEMENT/ADDED ENTRY--TITLE
Title The world's classics
9 (RLIN) 350
504 ## - BIBLIOGRAPHY, ETC. NOTE
Bibliography, etc. note
538 ## - SYSTEM DETAILS NOTE
Display text Shelf # 13, Row # 1, Fiction.
650 ## - SUBJECT ADDED ENTRY--TOPICAL TERM
Topical term or geographic name entry element Triangles (Interpersonal relations)
9 (RLIN) 351
651 ## - SUBJECT ADDED ENTRY--GEOGRAPHIC NAME
Form subdivision Fiction.
9 (RLIN) 352
655 ## - INDEX TERM--GENRE/FORM
Genre/form data or focus term Didactic fiction.
Non-focus term gsafd
Form subdivision Love stories.
9 (RLIN) 353
690 ## - LOCAL SUBJECT ADDED ENTRY--TOPICAL TERM (OCLC, RLIN)
Topical term or geographic name as entry element Illegitimate children
9 (RLIN) 354
700 ## - ADDED ENTRY--PERSONAL NAME
Personal name Cunningham, Valentine.
9 (RLIN) 355
856 ## - ELECTRONIC LOCATION AND ACCESS
Materials specified Publisher description
Uniform Resource Identifier <a href="http://www.loc.gov/catdir/enhancements/fy0636/95040507-d.html">http://www.loc.gov/catdir/enhancements/fy0636/95040507-d.html</a>
942 ## - ADDED ENTRY ELEMENTS (KOHA)
Edition orignew
Source of classification or shelving scheme
Koha item type Fiction
Holdings
Withdrawn status Lost status Source of classification or shelving scheme Damaged status Not for loan Permanent Location Current Location Shelving location Date acquired Total Checkouts Full call number Barcode Date last seen Price effective from Koha item type
          School of Interdisciplinary Engineering and Sciences (SINES) School of Interdisciplinary Engineering and Sciences (SINES) Fiction 12/19/2013   823.8ELI RCMS000653 12/19/2013 12/19/2013 Book
          School of Interdisciplinary Engineering and Sciences (SINES) School of Interdisciplinary Engineering and Sciences (SINES) Fiction 12/19/2013   823.8ELI RCMS000654 12/19/2013 12/19/2013 Book
© 2023 Central Library, National University of Sciences and Technology. All Rights Reserved.